Los trabajos de las mujeres en Panamá: las mujeres panameñas en la economía y en la política /
Este artículo es una reflexión sobre los trabajos que realizan las mujeres en Panamá y sobre su falta de poder político. Se pretende mostrar que el mundo de trabajo que desempeñan las mujeres constituye la cara de una moneda cuyo reverso es la falta de equiparación a los hombres en los poderes econó...
שמור ב:
| מחבר ראשי: | |
|---|---|
| פורמט: | Texto |
| נושאים: | |
| תגים: |
הוספת תג
אין תגיות, היה/י הראשונ/ה לתייג את הרשומה!
|
MARC
| LEADER | 00000 a a2200000 04500 | ||
|---|---|---|---|
| 001 | 46245 | ||
| 003 | |||
| 040 | |||
| 100 | |a Marco Serra, Yolanda | ||
| 245 | |a Los trabajos de las mujeres en Panamá: |b las mujeres panameñas en la economía y en la política / |c Yolanda Marco Serra | ||
| 520 | |a Este artículo es una reflexión sobre los trabajos que realizan las mujeres en Panamá y sobre su falta de poder político. Se pretende mostrar que el mundo de trabajo que desempeñan las mujeres constituye la cara de una moneda cuyo reverso es la falta de equiparación a los hombres en los poderes económicos y políticos. Asimismo reflexiona sobre la necesidad de modificar la visión que la economía tiene actualmente sobre el trabajo y papel económico de las mujeres, y evidencia la necesidad de implementar una serie de políticas públicas que atiendan este tipo de necesidades sociales. | ||
| 590 | |a AMB/SETIEMBRE2014 | ||
| 650 | |a A)MUJERES | ||
| 650 | |a B)TRABAJADORAS | ||
| 650 | |a C)PODER POLITICO | ||
| 650 | |a D)POLITICA GUBERNAMENTAL | ||
| 650 | |a E)PANAMA | ||
| 773 | |g páginas 5-26 : tabla | ||
| 999 | |c 27806 |d 27806 | ||
